00428nam a2200121 a 450000500170000000800410001705000220005810000230008024500470010326000370015099900190018795201000020620140414131907.0100930s19uu xx 00 eng d aM 793.7bB27 2003 aBarry, Sheila Anne aTricks and pranks :bto fool your friends. aNew York :bScholastic ,c2003. c111003d111003 001040aMUbMUcMd2010-09-30l0oM 793.7 B27 2003pM1552r2014-04-14 00:00:00w2014-04-14yBK